Computer literacy basics : (Record no. 47859)

MARC details
000 -LEADER
fixed length control field 00657nam a22001817a 4500
008 - FIXED-LENGTH DATA ELEMENTS--GENERAL INFORMATION
fixed length control field 170113b xxu||||| |||| 00| 0 eng d
020 ## - INTERNATIONAL STANDARD BOOK NUMBER
International Standard Book Number 9781439078532
050 ## - LIBRARY OF CONGRESS CALL NUMBER
Classification number QA76.3
Item number .M67 2010
100 ## - MAIN ENTRY--PERSONAL NAME
Personal name Morrison, Connie
245 ## - TITLE STATEMENT
Title Computer literacy basics :
Remainder of title a comprehensive guide to IC³ / |
Statement of responsibility, etc Connie Morrison, Dolores Wells
250 ## - EDITION STATEMENT
Edition statement 3rd ed.
260 ## - PUBLICATION, DISTRIBUTION, ETC. (IMPRINT)
Place of publication, distribution, etc Boston, Mass. : |
Name of publisher, distributor, etc Course Technology/Cengage Learning,
Date of publication, distribution, etc 2013
300 ## - PHYSICAL DESCRIPTION
Extent v. (various pagings) :
Other physical details col. ill. ;
Dimensions 28 cm
500 ## - GENERAL NOTE
General note Includes index
650 ## - SUBJECT ADDED ENTRY--TOPICAL TERM
Source of heading or term Electronic data processing person
Form subdivision Study guides
General subdivision Certification
700 ## - ADDED ENTRY--PERSONAL NAME
Personal name Wells,Dolores
942 ## - ADDED ENTRY ELEMENTS (KOHA)
Source of classification or shelving scheme Library of Congress Classification
Item type Book
Holdings
Withdrawn status Lost status Source of classification or shelving scheme Damaged status Not for loan Collection code Home library Current library Shelving location Date acquired Source of acquisition Cost, normal purchase price Total Checkouts Full call number Barcode Date last borrowed Copy number Price effective from Koha item type
    Library of Congress Classification     Non-fiction Bishop Okullu Memorial Library (Limuru Campus) Bishop Okullu Memorial Library (Limuru Campus) General Circulation 27/02/2017 Donation-BFA 2000.00   QA76.3 .M67 2010 051165     27/02/2017 Book
    Library of Congress Classification     Non-fiction Nairobi Campus Nairobi Campus General Circulation 13/01/2017 Donation-BFA 2000.00 2 QA76.3 .M67 2010 049350 17/06/2021 1 13/01/2017 Book